000 00321nam a22001337a 4500
020 _a0-87392-306-0
082 _a001
_bLOG/W
100 _aLOGAN, FRED
245 _aTHE WORLD OF ARTS
260 _aCHICAGO
_bSTANDARD EDUCATIONAL CORPORATION
_c1985
300 _a191
650 _aARTS REFERENCE
_zUNITED STATES
942 _cBK
999 _c1950
_d1950